| 000 | 00462nam a2200157 4500 | ||
|---|---|---|---|
| 001 | 126247 | ||
| 003 | ES-MaACL | ||
| 005 | 20230906192802.0 | ||
| 007 | t| | ||
| 008 | 070214s1968 sp r ||||1| spa d | ||
| 100 | 1 |
_aRecalde, José Ramón. _995735 |
|
| 245 | 1 | 0 |
_aIntegración y lucha de clases en el neocapitalismo / _cJosé Ramón Recalde. |
| 260 |
_aMadrid : _bCiencia Nueva, _c1968. |
||
| 300 |
_a271 p. ; _c20 cm. |
||
| 852 |
_aES-MaACL _jC-50997 _bR.66593 |
||
| 999 |
_c126247 _d126247 |
||